000 00509nam a2200205Ia 4500
005 20230328103907.0
008 131103s9999 xx 000 0 und d
020 _a8170668743
_cRs.80.00
040 _aLoreto College
041 _aEnglish
082 _a891.443
_bRAY
100 _aRay,Satyajit
245 _aFeluda and co.
_cSatyajit Ray
260 _aCalcutta
_bAnanda Publishers
_c2011
300 _a107p
650 _aFiction-Bengali
651 _aBengali-Fiction
850 _aLCLIB
942 _cBK
999 _c37884
_d88363